| 000 | 00372nam a2200133Ia 4500 | ||
|---|---|---|---|
| 008 | 230411s9999 xx 000 0 und d | ||
| 041 | _aeng | ||
| 082 | _aA/611/GAR/B07478 | ||
| 100 | _aGarg Krishna Ed. | ||
| 245 | _aB D Chaurasias Handbook of General Anatomy | ||
| 260 |
_bCBS Publishers & Distributors _aNew Delhi _c2009 |
||
| 300 | _a262p | ||
| 999 |
_c157600 _d157600 |
||